|
|
|
|
| LEADER |
02497nam a2200481 4500 |
| 001 |
ocn746321044 |
| 003 |
OCoLC |
| 005 |
20170124071958.9 |
| 006 |
m o d |
| 007 |
cr cn||||||||| |
| 008 |
110811s2011 gw ob 001 0 eng d |
| 040 |
|
|
|a DG1
|b eng
|c DG1
|d YDXCP
|d OCLCQ
|d OCLCF
|d OCLCA
|d OCLCQ
|d DG1
|d GrThAP
|
| 020 |
|
|
|a 9783527631667
|q (electronic bk.)
|
| 020 |
|
|
|a 3527631666
|q (electronic bk.)
|
| 029 |
1 |
|
|a AU@
|b 000047980790
|
| 029 |
1 |
|
|a NZ1
|b 13929232
|
| 029 |
1 |
|
|a NZ1
|b 15341458
|
| 035 |
|
|
|a (OCoLC)746321044
|
| 037 |
|
|
|a 10.1002/9783527631667
|b Wiley InterScience
|n http://www3.interscience.wiley.com
|
| 050 |
|
4 |
|a TP363
|b .P76 2011
|
| 082 |
0 |
4 |
|a 664/.0284
|2 23
|
| 049 |
|
|
|a MAIN
|
| 245 |
0 |
0 |
|a Product quality and formulation /
|c edited by Evangelos Tsotsas and Arun S. Mujumdar.
|
| 264 |
|
1 |
|a Weinheim :
|b Wiley-VCH,
|c [2011]
|
| 264 |
|
4 |
|c ©2011
|
| 300 |
|
|
|a 1 online resource (xxxv, 394 pages).
|
| 336 |
|
|
|a text
|b txt
|2 rdacontent
|
| 337 |
|
|
|a computer
|b c
|2 rdamedia
|
| 338 |
|
|
|a online resource
|b cr
|2 rdacarrier
|
| 490 |
1 |
|
|a Modern drying technology ;
|v v. 3
|
| 505 |
0 |
|
|a Quality Changes in Food Materials as Influenced by Drying Processes / Catherine Bonazzi, Elisabeth Dumoulin -- Impact of Drying on the Mechanical Properties and Crack Formation in Rice / Catherine Bonazzi, Francis Courtois -- Characterization and Control of Physical Quality Factors during Freeze-Drying of Pharmaceuticals in Vials / Julien Andrieu, Severine Vessot -- In-Line Product Quality Control of Pharmaceuticals in Freeze-Drying Processes / Antonello A Barresi, Davide Fissore -- Understanding and Preventing Structural Changes during Drying of Gels / Thomas Metzger, Angelique Leonard, Wahbi Jomaa, Hajime Tamon -- Morphology and Properties of Spray-Dried Particles / Peter Walzel, Takeshi Furuta -- Particle Formulation in Spray Fluidized Beds / Mirko Peglow, Sergiy Antonyuk, Michael Jacob, Stefan Palzer, Stefan Heinrich, Evangelos Tsotsas.
|
| 504 |
|
|
|a Includes bibliographical references and index.
|
| 650 |
|
0 |
|a Drying.
|
| 650 |
|
0 |
|a Quality of products.
|
| 650 |
|
7 |
|a Drying.
|2 fast
|0 (OCoLC)fst00899170
|
| 650 |
|
7 |
|a Quality of products.
|2 fast
|0 (OCoLC)fst01085038
|
| 655 |
|
4 |
|a Electronic books.
|
| 700 |
1 |
|
|a Tsotsas, Evangelos.
|
| 700 |
1 |
|
|a Mujumdar, Arun S.
|
| 710 |
2 |
|
|a Wiley InterScience (Online service)
|
| 830 |
|
0 |
|a Modern drying technology ;
|v v. 3.
|
| 856 |
4 |
0 |
|u https://doi.org/10.1002/9783527631667
|z Full Text via HEAL-Link
|
| 994 |
|
|
|a 92
|b DG1
|